Statistics for The Heart Wants What It Wants - Selena Gomez - All Lyrics

Click here to take the quiz!

General Stats

  • This quiz has been taken 53 times
  • The average score is 347 of 405

Answer Stats

Answer% Correct
be
100%
hear
100%
heart,
100%
heart
100%
I
100%
it
100%
It
100%
so
100%
The
100%
the
100%
You
100%
you
100%
your
100%
a
97%
and
97%
And
97%
me
97%
what
97%
(What
97%
What
97%
but
95%
can't
95%
go
95%
No
95%
no,
95%
no
95%
not
95%
wants)
95%
wants,
95%
Wants,
95%
wants
95%
I'm
92%
that
92%
to
92%
don't
89%
here
89%
is
89%
we
89%
you're
89%
cold
87%
getting
87%
got
87%
all
84%
on
84%
alive
82%
bed's
82%
care
82%
in
82%
might
82%
nothing
82%
should
82%
something
82%
then
82%
until
82%
up
82%
'cause
79%
future
79%
give
79%
million
79%
right,
79%
This
79%
this
79%
unclear
79%
against
76%
call
76%
I'll
76%
know
76%
odds
76%
reasons
76%
why
76%
won't
76%
compare
74%
ever
74%
hold
74%
make
74%
Save
74%
like
71%
out
71%
out,
71%
sipping
71%
advice,
68%
gonna
68%
life
68%
There's
68%
without
68%
Hand
66%
happy
66%
hoping
66%
over
66%
down,
63%
down
63%
praying
63%
after
61%
bet
61%
imagine
61%
let
61%
wait
61%
baby
58%
baby,
58%
Baby,
58%
crazy
58%
endings,
58%
fever
58%
hazy
58%
I've
58%
more
58%
survive
58%
bit
55%
disappear
55%
escape
55%
fairytale
55%
known
55%
moments
55%
our
55%
pieces
55%
torture
55%
wind
55%
acting
53%
every
53%
little
53%
Shining
53%
breathless
50%
stars
50%
Strung
50%
breaking
47%
Lighting
47%
modern
47%
scattered
47%
second's
47%
Venus
47%
screaming
45%
Finding
42%
sails
42%
way
42%
Heroin
24%
drip,
21%

Score Distribution

Percentile by Number Answered

Percent of People with Each Score

Your Score History

You have not taken this quiz